Online katalóg knižníc regiónu Turca

Idiot / (Record no. 20605)

MARC details
000 -LEADER
fixed length control field 01116nam a22003371 4500
001 - CONTROL NUMBER
control field 20605
003 - CONTROL NUMBER IDENTIFIER
control field CZ PrNK
005 - DATE AND TIME OF LATEST TRANSACTION
control field 20260127122116.0
007 - PHYSICAL DESCRIPTION FIXED FIELD--GENERAL INFORMATION
fixed length control field ta
008 - FIXED-LENGTH DATA ELEMENTS--GENERAL INFORMATION
fixed length control field 011020s1963 xo g 000 f slo
020 ## - INTERNATIONAL STANDARD BOOK NUMBER
Qualifying information (Váz.)
040 ## - CATALOGING SOURCE
Original cataloging agency ABA001
Language of cataloging cze
Transcribing agency ABA001
Modifying agency ABA001
041 1# - LANGUAGE CODE
Language code of text/sound track or separate title slo
Language code of original rus
072 #7 - SUBJECT CATEGORY CODE
Subject category code 821.161.1
Subject category code subdivision Ruská literatura, rusky psaná
Source Konspekt
080 ## - UNIVERSAL DECIMAL CLASSIFICATION NUMBER
Universal Decimal Classification number 821.161.1-31
Edition identifier MRF
080 ## - UNIVERSAL DECIMAL CLASSIFICATION NUMBER
Universal Decimal Classification number (0:82-31)
Edition identifier MRF
100 1# - MAIN ENTRY--PERSONAL NAME
Personal name Dostojevskij, Fedor Michajlovič,
Dates associated with a name 1821-1881
Relationship aut
240 10 - UNIFORM TITLE
Uniform title Idiot.
Language of a work Slovensky
245 10 - TITLE STATEMENT
Title Idiot /
Statement of responsibility, etc. Fëdor Michajlovič Dostojevskij ; [preložila: Mária Rázusová-Martáková]
250 ## - EDITION STATEMENT
Edition statement 2. vyd.
260 ## - PUBLICATION, DISTRIBUTION, ETC.
Place of publication, distribution, etc. Bratislava :
Name of publisher, distributor, etc. Slovenské vydavateľstvo krásnej literatúry,
Date of publication, distribution, etc. 1963
300 ## - PHYSICAL DESCRIPTION
Extent 594 s. ;
Dimensions
490 1# - SERIES STATEMENT
Series statement Svetová tvorba ;
Volume/sequential designation zv. 8
500 ## - GENERAL NOTE
General note Přeloženo z ruštiny
655 #7 - INDEX TERM--GENRE/FORM
Genre/form data or focus term ruské romány
Source of term czenas
655 #9 - INDEX TERM--GENRE/FORM
Genre/form data or focus term Russian fiction
Source of term eczenas
700 1# - ADDED ENTRY--PERSONAL NAME
Personal name Rázusová-Martáková, Mária,
Dates associated with a name 1905-1964
Relationship trl
830 #0 - SERIES ADDED ENTRY--UNIFORM TITLE
Uniform title Svetová tvorba (Slovenské vydavateľstvo krásnej literatúry)
910 ## - USER-OPTION DATA (OCLC)
User-option data ABA001
942 ## - ADDED ENTRY ELEMENTS (KOHA)
Source of classification or shelving scheme Dewey Decimal Classification
Koha item type Krásna literatúra pre dospelých
Suppress in OPAC No
Holdings
Stav vyradenia Strata Poškodenie Spôsob nadobudnutia Domovská knižnica Aktuálna knižnica Dátum nadobudnutia Total checkouts Čiarový kód exemplára Date last seen Typ exemplára
      Dar Obecná knižnica Horná Štubňa Obecná knižnica Horná Štubňa 27.01.2026   4736200701 27.01.2026 Krásna literatúra pre dospelých
Projekt je podporený Slovenskou asociáciou knižníc
Prevádzkuje Turčianska knižnica Martin 2026